00766cam a2200217 a 450000100100000000500170001000800410002703500190006804000310008708200170011810000410013524500400017626000350021630000270025149000750027850000340035365000240038765000260041165000340043783000770047100001950520200929170035.0840703s1967 sp 000 e spa d a(DLC) 70237287 aDO-SdBNPcCarPdDLCdBNPHU a864.6bA454r1 aAlonso del Real, Carlos,d1914-1993.10aRealidad y leyenda de las amazonas. aMadrid :bEspasa Calpe,c1967. a241, [18] p. ;c18 cm.1 aAustral. Marrón: Ciencia y técnica. Clásicos de la cienciav1396 aIncluye índices de autores. 4aEnsayos españoles 4aLiteratura española 4aAmazonas (mitología griega) 0aAustral.pMarrón: Ciencia y técnica. Clásicos de la ciencia;v1396